| 000 | 00000nam 2200000za 4500 |
| 001 | 9.822338 |
| 003 | CaOODSP |
| 005 | 20221107143650 |
| 007 | cr ||||||||||| |
| 008 | 160809s1986 onc |o f|0| 0 fre d |
| 040 | |aCaOODSP|bfre |
| 043 | |an-cn--- |
| 086 | 1 |aF2-73/1986F-PDF |
| 100 | 1 |aRasminsky, L. |
| 245 | 13|aLe Canada, un centre bancaire international |h[ressource électronique] : |brapport présenté au ministère des Finances / |cpar L. Rasminsky et R.W. Lawson. |
| 260 | |a[Ottawa] : |bMinistère des Finances Canada, |cc1986. |
| 300 | |a26 p. : |btableaux. |
| 500 | |aPublié aussi en anglais sous le titre : Canada as an international banking centre. |
| 692 | 07|2gccst|aOpération bancaire |
| 700 | 1 |aLawson, R.W. |
| 710 | 1 |aCanada. |bMinistère des finances. |
| 775 | 08|tCanada as an international banking centre |w(CaOODSP)9.822334 |
| 856 | 40|qPDF|s980 Ko|uhttps://publications.gc.ca/collections/collection_2016/fin/F2-73-1986-fra.pdf |